Oxford English dictionary: being a corrected re-issue with an introduction, supplement, and bibliography of a new English dictionary on historical principles (Record no. 142)
[ view plain ]
| 000 -LEADER | |
|---|---|
| fixed length control field | 00771nam a2200157Ia 4500 |
| 020 ## - INTERNATIONAL STANDARD BOOK NUMBER | |
| ISBN | 0 19 861123 4 |
| 082 ## - DEWEY DECIMAL CLASSIFICATION NUMBER | |
| Classification number | RR 423 SUP- |
| 245 #0 - TITLE STATEMENT | |
| Title | Oxford English dictionary: being a corrected re-issue with an introduction, supplement, and bibliography of a new English dictionary on historical principles |
| 260 ## - PUBLICATION, DISTRIBUTION, ETC. (IMPRINT) | |
| Place of publication | Oxford |
| Name of publisher | At the Clarendon Press |
| Year of publication | 1976 |
| 300 ## - PHYSICAL DESCRIPTION | |
| Number of Pages | 10v. |
| 500 ## - GENERAL NOTE | |
| General note | Contents: Vol.2.C.(1308p.)(1970) - v.2.H-N/edited by R.W. Burchfield(1282p.)(1976) - v.4.F-G(i, 1160p.)(1970) - v.5.H-K(1274p.)(1970) - v.6.L-M(1398p.)(1961) - v.10.Sole-Sz(1607p.)(1970) - |
| 504 ## - BIBLIOGRAPHY, ETC. NOTE | |
| Bibliography, etc | founded mainly on the materials collected by the Philological Society;ref |
| 650 ## - SUBJECT ADDED ENTRY--TOPICAL TERM | |
| Topical Term | English language - Dictionaries |
| 650 ## - SUBJECT ADDED ENTRY--TOPICAL TERM | |
| Topical Term | Encyclopedias and dictionaries |
| 942 ## - ADDED ENTRY ELEMENTS (KOHA) | |
| Koha item type | Books |
| Source of classification or shelving scheme | Dewey Decimal Classification |
| Withdrawn status | Lost status | Damaged status | Not for loan | Home library | Current library | Date acquired | Full call number | Accession Number | Price effective from | Koha item type |
|---|---|---|---|---|---|---|---|---|---|---|
| NASSDOC Library | NASSDOC Library | 08/06/2004 | RR 423 SUP- | 5183 | 18/04/2019 | Reference Books | ||||
| NASSDOC Library | NASSDOC Library | 08/06/2004 | RR 423 SUP- | 5185 | 18/04/2019 | Reference Books | ||||
| NASSDOC Library | NASSDOC Library | 08/06/2004 | RR 423 SUP- | 5186 | 18/04/2019 | Reference Books | ||||
| NASSDOC Library | NASSDOC Library | 08/06/2004 | RR 423 SUP- | 5187 | 18/04/2019 | Reference Books | ||||
| NASSDOC Library | NASSDOC Library | 08/06/2004 | RR 423 SUP- | 5191 | 18/04/2019 | Reference Books | ||||
| NASSDOC Library | NASSDOC Library | 08/06/2004 | RR 423 SUP- | 9200 | 18/04/2019 | Reference Books |
